1043 1827 1276 1125 1471 1893 1175 1797 1661 1239 1674 1058 1590 1724 1696 1783 1945 1439 1461 1545 1114 1833 1937 1269 1906 1303 1917 1153 1311 1006 1926 1747 1399 1092 1752 1793 1074 1155 1254 1609 1933 1740 1274 1356 1771 1592 1152 1567 1525 1412 1295 1142 1831 1382 1722 1244 1904 1504 1878 1763 1223 1345 1694 1928 1570 1495 1544 1236 1935 1459 1610 1310 1688 1691 1675 1214 1808 1274 1470 1719 1541 1907 1851 1460 1761 1441 1622 1884 1566 1875 1026 1139 1648 1335 1614 1158 1268 1240 1208 BCNSPRNW ULIB Ver.6.0+V

เปลี่ยนเป็นภาษาไทย

Change to English
 แสดงรายละเอียดบรรณานุกรม
  กลับหน้าหลัก

Brief Record : Get Marc (ISO 2709) : E-mail record : QR code < ปิดหน้าต่าง
LEADER : 00000nam 2200000uu 4500
001    13399122330
003     ULIB
008    130212s2553||||th 000 0 tha d
020    ^a9786165000499
090    ^aนว.^bร147ก
100 0  ^aร่มแก้ว
245 00 ^aกับดักรักลวง/^cร่มแก้ว
250    ^aพิมพ์ครั้งที่ 2
260    ^aกรุงเทพฯ :^bพิมพ์คำ,^c2553
300    ^a339 หน้า
945    ^p240^l0^i028049
995    ^aทศพร
999    ^aเกษร โพธิ์สุวรรณ
รายการนี้ยังไม่มีแท็ก
คุณยังไม่ได้ล็อกอิน คุณสามารถมีกิจกรรมร่วมกับเว็บไซต์ได้ แต่ต้องล็อกอินก่อน ::
  ล็อกอิน

รายการสื่อสารสนเทศ

ลำดับที่ ประเภท เลขเรียก/บาร์โค้ด สถานที่ สถานะ
1. นวนิยาย
นวนิยาย
นว. ร147ก ฉ.1 
  Barcode: 028049
ห้องสมุดวิทยาเขตสวรรค์ประชารักษ์
►นวนิยาย
บนชั้น
  ขอยืม

รายการใกล้เคียง
    ผู้แต่ง [ร่มแก้ว]

BibComment


ยังไม่เคยถูกคอมเมนท์

คอมเมนท์ทรัพยากรรายการนี้
  คอมเมนท์: กับดักรักลวง ร่ม..


 Copyright 2026. Bcnsprnw @Library